000 00330nam a2200133Ia 4500
008 240624s9999 xx 000 0 und d
041 _aeng
082 _a953 RAS
100 _aRASHID AHMED
245 _aPAKISTAN ON THE BRINK THE FUTURE OF PAKI
260 _c2012
_aNew Delhi
_bAllen Lane
300 _a234 : p.
365 _cRS
_b25
999 _c19277
_d19277